000 00255nam a2200097Ia 4500
001 715302
005 20250826162922.0
008 250824s9999 xx 000 0 und d
245 0 _aDÜĞÜMLERE ÜFLEYEN KADINLAR
_cECE TEMELKURAN
260 _bEVEREST YAYINLARI
999 _c715302
_d715302